000 00524nam a2200181Ia 4500
008 090124s9999 xx 000 0 und d
082 _b35245
100 _aवाळिंम्बे सुरेश
245 _a संशय
250 _a0
260 _bयोगिता प्रकाशन
_c1997
300 _a118
600 _aवाळिंम्बे सुरेश
630 _a संशय
700 _aवाळिंम्बे सुरेश
730 _a संशय
942 _cBOOK
999 _c106094
_d106094